[Event "Oberliga Nord W 1920"]
[Site "Germany"]
[Date "2020.01.19"]
[Round "5.8"]
[White "Buerckner, Hartmut"]
[Black "Feist, Mathias"]
[Result "1-0"]
[WhiteElo "2167"]
[BlackElo "2107"]
[PlyCount "93"]
[EventDate "2019.09.29"]
[EventType "team-tourn"]
[EventRounds "9"]
[EventCountry "GER"]
[SourceTitle "CBM 195 Extra"]
[Source "ChessBase"]
[SourceDate "2020.05.31"]
[SourceVersion "1"]
[SourceVersionDate "2020.05.31"]
[SourceQuality "1"]

1. Nf3 Nf6 2. c4 g6 3. b3 Bg7 4. Bb2 d6 5. g3 0-0 6. Bg2 Nbd7 7. 0-0 e5 8. Nc3 c6 9. e4 Nc5 10. d3 Re8 11. Re1 Bg4 12. h3 Bxf3 13. Qxf3 Ne6 14. Ne2 Qd7 15. Kh2 h5 16. Qe3 Kh7 17. d4 Qc7 18. f4 exf4 19. gxf4 Nxe4 20. Qxe4 Nxd4 21. Qxd4 Bxd4 22. Bxd4 d5 23. Be5 Rxe5 24. fxe5 Qxe5+ 25. Kh1 Re8 26. cxd5 cxd5 27. Rad1 d4 28. Nxd4 Qxe1+ 29. Rxe1 Rxe1+ 30. Kh2 Re7 31. Kg3 Kg7 32. Kf4 Kf6 33. h4 b6 34. Be4 Rd7 35. Nb5 Rd2 36. Nxa7 Rf2+ 37. Kg3 Rxa2 38. Nc8 Ke5 39. Bd3 Rb2 40. Bc4 f5 41. Nxb6 Rd2 42. Bf7 f4+ 43. Kf3 Rd3+ 44. Ke2 Re3+ 45. Kf2 Kf5 46. Nc4 Rd3 47. Bxg6+ 1-0

[Event "Oberliga Nord W 1920"]
[Site "Germany"]
[Date "2019.10.20"]
[Round "2.6"]
[White "Voege, Tobias"]
[Black "Buerckner, Hartmut"]
[Result "1-0"]
[WhiteElo "2288"]
[BlackElo "2167"]
[PlyCount "81"]
[EventDate "2019.09.29"]
[EventType "team-tourn"]
[EventRounds "9"]
[EventCountry "GER"]
[SourceTitle "CBM 195 Extra"]
[Source "ChessBase"]
[SourceDate "2020.05.31"]
[SourceVersion "1"]
[SourceVersionDate "2020.05.31"]
[SourceQuality "1"]

1. d4 Nf6 2. c4 e6 3. Nc3 Bb4 4. Nf3 0-0 5. Bg5 c5 6. e3 Qa5 7. Bxf6 Bxc3+ 8. bxc3 Qxc3+ 9. Nd2 gxf6 10. Rc1 Qa3 11. Rc2 f5 12. Qh5 f6 13. d5 d6 14. g4 Qa4 15. Rg1 exd5 16. gxf5+ Kh8 17. Qg4 Qd7 18. cxd5 Qe7 19. Ne4 Nd7 20. Nxd6 Ne5 21. Qg3 Bd7 22. f4 Rg8 23. Qf2 Rxg1 24. fxe5 Rag8 25. Qh4 Rf8 26. Qf2 Rg5 27. h4 Rg4 28. Bh3 Rb4 29. Nc4 fxe5 30. e4 Bb5 31. Nd2 b6 32. Bf1 Ba4 33. Rc3 Rb2 34. Bc4 b5 35. Bb3 Bxb3 36. axb3 Rc8 37. f6 Qd6 38. f7 Rf8 39. Qxc5 Qe7 40. Qc7 Qd8 41. Qc8 1-0

[Event "Oberliga Nord W 1819"]
[Site "Germany"]
[Date "2019.02.24"]
[Round "7.7"]
[White "Koch, Yannick"]
[Black "Buerckner, Hartmut"]
[Result "1/2-1/2"]
[WhiteElo "2048"]
[BlackElo "2168"]
[PlyCount "84"]
[EventDate "2018.10.21"]
[EventType "team-tourn"]
[EventRounds "9"]
[EventCountry "GER"]
[SourceTitle "EXT 2020"]
[Source "ChessBase"]
[SourceDate "2019.10.17"]
[SourceVersion "1"]
[SourceVersionDate "2019.10.17"]
[SourceQuality "1"]
[WhiteTeam "Hameln"]
[BlackTeam "Oldenburg Union"]
[WhiteTeamCountry "GER"]
[BlackTeamCountry "GER"]

1. d4 Nf6 2. c4 e6 3. Nc3 Bb4 4. Qc2 c5 5. dxc5 Bxc5 6. Nf3 Nc6 7. Bf4 a6 8. e3 0-0 9. Be2 d5 10. Rd1 Qe7 11. 0-0 dxc4 12. Bxc4 b5 13. Be2 Bb7 14. a3 Rac8 15. Bg5 Bb6 16. e4 h6 17. Bh4 Qc5 18. Bxf6 gxf6 19. Qd2 Kg7 20. Qf4 Ne5 21. Qg3+ Kh7 22. Qh4 Nxf3+ 23. Bxf3 Qe5 24. Bh5 Bd4 25. Kh1 Bxc3 26. f4 Qxe4 27. Bf3 Qc4 28. Bxb7 Bxb2 29. Bxc8 Rxc8 30. Qh5 Rg8 31. Qxf7+ Rg7 32. Qh5 Bxa3 33. f5 e5 34. Qf3 Bb2 35. Rd8 e4 36. Qf2 e3 37. Qf3 Bc3 38. Rc1 e2 39. Qa8 Rg8 40. Rd7+ Rg7 41. Rd8 Rg8 42. Rd7+ Rg7 1/2-1/2

[Event "Oberliga Nord W 1617"]
[Site "Germany"]
[Date "2016.12.04"]
[Round "3.7"]
[White "Stock, Joerg"]
[Black "Buerckner, Hartmut"]
[Result "0-1"]
[WhiteElo "2185"]
[BlackElo "2163"]
[PlyCount "94"]
[EventDate "2016.10.16"]
[EventType "team-tourn"]
[EventRounds "9"]
[EventCountry "GER"]
[SourceTitle "EXT 2018"]
[Source "ChessBase"]
[SourceDate "2017.10.13"]
[SourceVersion "1"]
[SourceVersionDate "2017.10.13"]
[SourceQuality "1"]
[WhiteTeam "Hellern"]
[BlackTeam "Oldenburg Union"]
[WhiteTeamCountry "GER"]
[BlackTeamCountry "GER"]

1. e4 c5 2. Nf3 d6 3. d4 cxd4 4. Nxd4 Nf6 5. Nc3 a6 6. g3 e6 7. Bg2 Be7 8. 0-0 0-0 9. Be3 Nbd7 10. f4 Qc7 11. g4 Nb6 12. g5 Nfd7 13. Kh1 Re8 14. Rf3 Nc4 15. Bc1 b5 16. Rh3 Nf8 17. b3 Nb6 18. f5 b4 19. Nce2 e5 20. Nf3 d5 21. Nh4 dxe4 22. Ng3 g6 23. Nxe4 Bb7 24. c4 bxc3 25. Rxc3 Rad8 26. Qe2 Qd7 27. Be3 Nd5 28. Rd3 gxf5 29. Nf6+ Bxf6 30. gxf6 Qe6 31. Rg1 Ng6 32. Qh5 Nxf6 33. Qe2 Bxg2+ 34. Rxg2 Rd5 35. Bg5 Red8 36. Rxd5 Rxd5 37. Qc2 Ne4 38. Bh6 Qd7 39. Rg1 Rc5 40. Qe2 Qc6 41. Rg2 f4 42. Nf3 Rc1+ 43. Ng1 f6 44. b4 Nd6 45. Qd3 Rc3 46. Qb1 Nf7 47. h4 Rg3 0-1

[Event "Oberliga Nord W 1516"]
[Site "Germany"]
[Date "2015.10.11"]
[Round "2.6"]
[White "Buerckner, Hartmut"]
[Black "Helmer, Christoph"]
[Result "1/2-1/2"]
[WhiteElo "2172"]
[BlackElo "2110"]
[PlyCount "82"]
[EventDate "2015.09.20"]
[EventType "team-tourn"]
[EventRounds "9"]
[EventCountry "GER"]
[SourceTitle "CBM 170 Extra"]
[Source "ChessBase"]
[SourceDate "2016.02.25"]
[SourceVersion "1"]
[SourceVersionDate "2016.02.25"]
[SourceQuality "1"]
[WhiteTeam "Oldenburg Union"]
[BlackTeam "Hannover"]
[WhiteTeamCountry "GER"]
[BlackTeamCountry "GER"]

1. g3 c5 2. Bg2 g6 3. e3 Bg7 4. Ne2 Nc6 5. 0-0 d5 6. d4 cxd4 7. Nxd4 e5 8. Nxc6 bxc6 9. c4 Ne7 10. cxd5 cxd5 11. Nc3 e4 12. f3 exf3 13. Bxf3 Be6 14. Qa4+ Qd7 15. Qxd7+ Kxd7 16. Rd1 Rhd8 17. e4 Bxc3 18. bxc3 Ke8 19. exd5 Bxd5 20. Bxd5 Rxd5 21. Ba3 Rxd1+ 22. Rxd1 Nc6 23. Rd6 Rc8 24. Kf1 Ne5 25. Bb4 a5 26. Rd5 Nc4 27. Rc5 Rxc5 28. Bxc5 Kd7 29. Ke2 Kc6 30. Bd4 Kd5 31. Kd3 h5 32. Bf6 Nd6 33. Be7 Nc4 34. Bf6 a4 35. h4 Nd6 36. Bg5 Nc4 37. Bf4 Na3 38. Bb8 Nc4 39. Bc7 Na3 40. Bb8 Nc4 41. Bc7 Na3 1/2-1/2

[Event "Oberliga Nord W 1516"]
[Site "Germany"]
[Date "2015.09.20"]
[Round "1.5"]
[White "Buerckner, Hartmut"]
[Black "Baisakow, Alexander"]
[Result "1-0"]
[WhiteElo "2162"]
[BlackElo "2150"]
[PlyCount "65"]
[EventDate "2015.09.20"]
[EventType "team-tourn"]
[EventRounds "9"]
[EventCountry "GER"]
[SourceTitle "CBM 170 Extra"]
[Source "ChessBase"]
[SourceDate "2016.02.25"]
[SourceVersion "1"]
[SourceVersionDate "2016.02.25"]
[SourceQuality "1"]
[WhiteTeam "Oldenburg Union"]
[BlackTeam "Nordhorn Blanke"]
[WhiteTeamCountry "GER"]
[BlackTeamCountry "GER"]

1. e4 c5 2. Nf3 d6 3. d4 cxd4 4. Nxd4 Nf6 5. Nc3 a6 6. Bg5 Nbd7 7. f3 b5 8. a4 b4 9. Na2 a5 10. Bb5 Ba6 11. c3 Bxb5 12. Nxb5 bxc3 13. Naxc3 g6 14. Nd5 Nxd5 15. Nxd6+ exd6 16. Bxd8 Ne3 17. Qe2 Bh6 18. Ra3 Rc8 19. Rxe3 Rc1+ 20. Kf2 Bxe3+ 21. Qxe3 Rxh1 22. Bxa5 0-0 23. Qd4 Ne5 24. Bc3 f6 25. h3 Rf7 26. Qxd6 Rc1 27. a5 Rc2+ 28. Kg3 h5 29. h4 Kg7 30. Qd1 Rxc3 31. bxc3 Rd7 32. Qa4 g5 33. a6 1-0

[Event "BL2-Nord 1415"]
[Site "Germany"]
[Date "2015.04.12"]
[Round "9.8"]
[White "Schreiber, Kevin"]
[Black "Buerckner, Hartmut"]
[Result "1/2-1/2"]
[WhiteElo "1987"]
[BlackElo "2172"]
[PlyCount "97"]
[EventDate "2014.09.21"]
[EventType "team-tourn"]
[EventRounds "9"]
[EventCountry "GER"]
[SourceTitle "CBM 166 Extra"]
[Source "ChessBase"]
[SourceDate "2015.06.18"]
[SourceVersion "1"]
[SourceVersionDate "2015.06.18"]
[SourceQuality "1"]
[WhiteTeam "Schwerin"]
[BlackTeam "Oldenburg Union"]
[WhiteTeamCountry "GER"]
[BlackTeamCountry "GER"]

1. d4 Nf6 2. Nf3 b6 3. e3 Bb7 4. Bd3 e6 5. Nbd2 d5 6. 0-0 Bd6 7. b3 Nbd7 8. Bb2 0-0 9. Ne5 Ne4 10. Nxd7 Qxd7 11. Bxe4 dxe4 12. c4 f5 13. Qc2 Qe7 14. c5 bxc5 15. dxc5 Bxc5 16. Rac1 Rad8 17. Qxc5 Qxc5 18. Rxc5 Rxd2 19. Rxc7 Rxb2 20. Rxb7 Rxa2 21. g3 g5 22. Rc1 Rf7 23. Rb8+ Kg7 24. Rc6 Re7 25. b4 e5 26. Rb5 h6 27. Rcc5 f4 28. Rxe5 Ra1+ 29. Kg2 f3+ 30. Kh3 Rf7 31. Ra5 Rf1 32. Ra2 Rh1 33. Rea5 Rb1 34. Rxa7 Rxb4 35. Rxf7+ Kxf7 36. Kg4 Kf6 37. Ra6+ Ke5 38. Ra5+ Ke6 39. Ra2 Rb1 40. Ra6+ Kd5 41. Ra2 Re1 42. Kf5 Re2 43. Ra5+ Kc4 44. Kxe4 Rxf2 45. g4 Rxh2 46. Kxf3 Rh4 47. Ra4+ Kd5 48. Ra5+ Ke6 49. Ra6+ 1/2-1/2

[Event "Oberliga Nord W 1213"]
[Site "Germany"]
[Date "2012.11.11"]
[Round "2.7"]
[White "Belov, Igor"]
[Black "Buerckner, Hartmut"]
[Result "1-0"]
[WhiteElo "2051"]
[BlackElo "2167"]
[PlyCount "61"]
[EventDate "2012.10.14"]
[EventType "team-tourn"]
[EventRounds "9"]
[EventCountry "GER"]
[SourceTitle "EXT 2014"]
[Source "ChessBase"]
[SourceDate "2013.11.20"]
[SourceVersion "1"]
[SourceVersionDate "2013.11.20"]
[SourceQuality "1"]
[WhiteTeam "Hameln"]
[BlackTeam "Oldenburg Union"]
[WhiteTeamCountry "GER"]
[BlackTeamCountry "GER"]

1. c4 g6 2. Nc3 Bg7 3. g3 e6 4. Bg2 Ne7 5. e4 c6 6. d4 d5 7. cxd5 cxd5 8. exd5 Nxd5 9. Nge2 Nxc3 10. bxc3 0-0 11. 0-0 Nc6 12. Be3 Qc7 13. Qc1 b6 14. Bh6 Ba6 15. Bxg7 Kxg7 16. Re1 Rac8 17. Nf4 Kh8 18. d5 exd5 19. Nxd5 Qd6 20. Qh6 Rfe8 21. Red1 Qe5 22. h4 Bc4 23. h5 Qxh5 24. Qxh5 gxh5 25. Nf6 Re5 26. Rd6 Re6 27. Rad1 Bxa2 28. Nxh5 Bc4 29. Bxc6 Be2 30. Rd8+ Re8 31. Bxe8 1-0

[Event "Oberliga Nord W 1112"]
[Site "Germany"]
[Date "2011.10.02"]
[Round "1.8"]
[White "Buerckner, Hartmut"]
[Black "Noack, Reiner"]
[Result "1-0"]
[WhiteElo "2168"]
[BlackElo "2114"]
[PlyCount "93"]
[EventDate "2011.10.02"]
[EventType "team-tourn"]
[EventRounds "9"]
[EventCountry "GER"]
[SourceTitle "EXT 2013"]
[Source "ChessBase"]
[SourceDate "2012.11.22"]
[SourceVersion "1"]
[SourceVersionDate "2012.11.22"]
[SourceQuality "1"]
[WhiteTeam "Oldenburg Union"]
[BlackTeam "Uelzen Post"]
[WhiteTeamCountry "GER"]
[BlackTeamCountry "GER"]

1. e4 e6 2. d4 d5 3. Nc3 Bb4 4. e5 c5 5. a3 Ba5 6. b4 cxd4 7. Nb5 Bc7 8. f4 Ne7 9. Nf3 Nbc6 10. Nbxd4 a6 11. Bd3 Bb6 12. Be3 Bd7 13. Qe2 Qc7 14. Nb3 a5 15. b5 Na7 16. Bxb6 Qxb6 17. a4 Nac8 18. Qf2 Qxf2+ 19. Kxf2 Ng6 20. g3 Nce7 21. h4 h5 22. Nbd4 Rc8 23. Ke3 Nf5+ 24. Nxf5 exf5 25. Nd4 Ne7 26. Nb3 b6 27. Nd4 0-0 28. Kd2 Rfd8 29. Rhe1 Be6 30. Ra3 Rc5 31. Re3 g6 32. Be2 Rdc8 33. Rac3 Kf8 34. Rf3 Ke8 35. Nb3 R5c7 36. Rxc7 Rxc7 37. Rc3 Kd7 38. Rxc7+ Kxc7 39. Bf3 Bc8 40. Ke3 Kd7 41. Kd4 Ke6 42. Nd2 Bb7 43. c4 f6 44. exf6 Kxf6 45. cxd5 Nc8 46. Nc4 Ba8 47. d6 1-0

[Event "Oberliga Nord W 0809"]
[Site "Germany"]
[Date "2008.11.30"]
[Round "3.8"]
[White "Buerckner, Hartmut"]
[Black "Hampel, Felix"]
[Result "1-0"]
[WhiteElo "2169"]
[BlackElo "1990"]
[PlyCount "145"]
[EventDate "2008.10.05"]
[EventType "team-tourn"]
[EventRounds "9"]
[EventCountry "GER"]
[SourceTitle "EXT 2010"]
[Source "ChessBase"]
[SourceDate "2010.11.25"]
[SourceVersion "1"]
[SourceVersionDate "2010.11.25"]
[SourceQuality "1"]
[WhiteTeam "Oldenburg Union"]
[BlackTeam "Hannover PSC"]
[WhiteTeamCountry "GER"]
[BlackTeamCountry "GER"]

1. e4 c5 2. Nf3 Nc6 3. d4 cxd4 4. Nxd4 Nf6 5. Nc3 e5 6. Ndb5 d6 7. Nd5 Nxd5 8. exd5 Nb8 9. c4 Be7 10. Be2 0-0 11. 0-0 a6 12. Nc3 f5 13. f4 Nd7 14. Kh1 Qc7 15. Be3 Bf6 16. Rc1 exf4 17. Bxf4 Ne5 18. Na4 Bd7 19. Be3 Rae8 20. Bb6 Qc8 21. Bg1 Bg5 22. Nb6 Qd8 23. Rc3 f4 24. Nxd7 Qxd7 25. Bd4 Qf5 26. Rb3 Rf7 27. Rh3 Ref8 28. b3 g6 29. Rc3 Qe4 30. Bf3 Nxf3 31. Rcxf3 Bh6 32. Re1 Qf5 33. Re6 Rd7 34. Qd3 Qxd3 35. Rxd3 Rff7 36. Kg1 Bg5 37. Rd1 Rfe7 38. Bb6 Kf7 39. Rde1 Bf6 40. Rxe7+ Rxe7 41. Rxe7+ Kxe7 42. Kf2 Bc3 43. Kf3 Bd2 44. Ke4 Kd7 45. h3 Ke7 46. Bg1 Kf6 47. Bd4+ Ke7 48. Bb2 Kf7 49. Ba3 Ke7 50. Kf3 Kd7 51. Bb2 Ke7 52. Bg7 g5 53. Bh6 Kf6 54. h4 gxh4 55. Bxf4 Bxf4 56. Kxf4 h5 57. Ke4 b6 58. Kf4 a5 59. a3 Kg6 60. b4 axb4 61. axb4 Kf6 62. Ke4 Kg5 63. c5 bxc5 64. b5 c4 65. b6 c3 66. Kd3 Kg4 67. b7 Kg3 68. b8Q Kxg2 69. Qxd6 c2 70. Qg6+ Kh1 71. Kxc2 h3 72. Qxh5 h2 73. d6 1-0

[Event "Oberliga Nord W 0708"]
[Site "Germany"]
[Date "2008.03.09"]
[Round "7.5"]
[White "Prenzler, Daniel"]
[Black "Buerckner, Hartmut"]
[Result "1-0"]
[WhiteElo "2197"]
[BlackElo "2221"]
[PlyCount "67"]
[EventDate "2007.10.21"]
[EventType "team-tourn"]
[EventRounds "9"]
[EventCountry "GER"]
[SourceTitle "EXT 2009"]
[Source "ChessBase"]
[SourceDate "2008.11.26"]
[SourceVersion "1"]
[SourceVersionDate "2008.11.26"]
[SourceQuality "1"]
[WhiteTeam "Nordhorn Blanke"]
[BlackTeam "Oldenburg Union"]
[WhiteTeamCountry "GER"]
[BlackTeamCountry "GER"]

1. e4 c5 2. Nf3 d6 3. d4 cxd4 4. Nxd4 Nf6 5. Nc3 a6 6. Bc4 e6 7. Bb3 b5 8. 0-0 Be7 9. Qf3 Qc7 10. Qg3 0-0 11. Bh6 Ne8 12. Rad1 Kh8 13. Be3 Bb7 14. a3 Nd7 15. Bxe6 fxe6 16. Nxe6 Qc4 17. Nxf8 Nxf8 18. Rd4 Qf7 19. Nd5 Bd8 20. Rd2 Rc8 21. c3 Ng6 22. f4 Rc4 23. Bd4 Bxd5 24. exd5 Bf6 25. Bb6 Ne7 26. Re1 Rc8 27. Qh3 Rb8 28. Ba7 Rb7 29. Bf2 g6 30. Re6 Kg8 31. Rde2 Ng7 32. Rxd6 h5 33. Rxa6 Qxd5 34. Rxf6 1-0

[Event "Oberliga Nord W 0708"]
[Site "Germany"]
[Date "2007.12.09"]
[Round "4.5"]
[White "Buerckner, Hartmut"]
[Black "Hoeffer, David"]
[Result "0-1"]
[WhiteElo "2221"]
[BlackElo "2236"]
[PlyCount "54"]
[EventDate "2007.10.21"]
[EventType "team-tourn"]
[EventRounds "9"]
[EventCountry "GER"]
[SourceTitle "EXT 2009"]
[Source "ChessBase"]
[SourceDate "2008.11.26"]
[SourceVersion "1"]
[SourceVersionDate "2008.11.26"]
[SourceQuality "1"]
[WhiteTeam "Oldenburg Union"]
[BlackTeam "Delmenhorst"]
[WhiteTeamCountry "GER"]
[BlackTeamCountry "GER"]

1. e4 e5 2. Nf3 d6 3. d4 exd4 4. Nxd4 Nf6 5. Nc3 Be7 6. Bf4 0-0 7. Qd2 c6 8. 0-0-0 b5 9. f3 b4 10. Nce2 c5 11. Nb3 Qb6 12. Bxd6 Rd8 13. Bxe7 Rxd2 14. Rxd2 Nbd7 15. Nxc5 h6 16. Nxd7 Nxd7 17. Nf4 a5 18. Nd5 Qa7 19. Bh4 Nc5 20. Ne7+ Kh7 21. Nxc8 Rxc8 22. Bc4 a4 23. Kb1 a3 24. b3 Na4 25. Re1 Nc3+ 26. Ka1 Rxc4 27. bxc4 Qc5 0-1

[Event "Oberliga Nord W 0708"]
[Site "Germany"]
[Date "2007.11.04"]
[Round "2.5"]
[White "Buerckner, Hartmut"]
[Black "Raabe, Peter"]
[Result "1/2-1/2"]
[WhiteElo "2221"]
[BlackElo "2133"]
[PlyCount "58"]
[EventDate "2007.10.21"]
[EventType "team-tourn"]
[EventRounds "9"]
[EventCountry "GER"]
[SourceTitle "EXT 2009"]
[Source "ChessBase"]
[SourceDate "2008.11.26"]
[SourceVersion "1"]
[SourceVersionDate "2008.11.26"]
[SourceQuality "1"]
[WhiteTeam "Oldenburg Union"]
[BlackTeam "Uelzen Post"]
[WhiteTeamCountry "GER"]
[BlackTeamCountry "GER"]

1. e4 c5 2. Nf3 Nc6 3. d4 cxd4 4. Nxd4 e5 5. Nxc6 bxc6 6. Nc3 Nf6 7. Bd3 Bc5 8. 0-0 0-0 9. Bg5 h6 10. Bh4 Rb8 11. Na4 Be7 12. Re1 Qa5 13. c4 d6 14. b3 Be6 15. Rc1 Rbd8 16. Bb1 Rd7 17. Qc2 Rfd8 18. f3 g5 19. Bf2 Nh5 20. c5 dxc5 21. Nxc5 Rd2 22. Qc3 Qxc3 23. Rxc3 Nf4 24. Nxe6 fxe6 25. Rxc6 Rb2 26. Rc2 Rxc2 27. Bxc2 Rd2 28. Bb1 Bb4 29. Kf1 a5 1/2-1/2